Szczegóły MARC21

Słowo o słowie : porady językowe profesora Bralczyka /

003 -Nazwa inst., której nr kontr. jest w polu 001 [,]
    • @
    • Nazwa instytucji, której n kontrolny jest w polu 001
    • NUKAT
005 -DATA I CZAS OSTATNIEJ MODYFIKACJI [,]
    • @
    • pole kontrolne
    • 20241231090836.0
020 -Międzynarod. znormalizowany nr książki - ISBN [ , ]
    • a
    • Numer ISBN
    • 9788301160203 Find
040 -Instytucja sporządzająca opis [ , ]
    • a
    • Instytucja, która sporządziła opis (NP)
    • GD 103/AS
    • c
    • Instytucja, która sporządziła rekord (NP)
    • GD 103/AS
    • d
    • Instytucja, która zmodyfikowała rekord (P)
    • GD 103/GS
942 -Rodzaj dokumentu [ , ]
    • c
    • Rodzaj dokumentu
    • Książka
100 -Hasło główne - nazwa osobowa [1, ]
    • a
    • Nazwa osobowa (NP)
    • Bralczyk, Jerzy
    • d
    • Daty biograficzne (NP)
    • (1947- ).
    • 9
    • KHW
    • 16143
245 -Strefa tytułu i oznaczenia odpowiedzialności [1,0]
    • a
    • Tytuł
    • Słowo o słowie : Find
    • b
    • Ciąg dalszy tytułu (NP)
    • porady językowe profesora Bralczyka / Find
    • c
    • Pozostałe elementy strefy tytułu i oznaczenia odpowiedzialności (NP)
    • Jerzy Bralczyk ; [adapt. i red. Anna Skrobiszewska ; red. prowadzący Lidia Drabik].
260 -Strefa adresu wydawniczego [ , ]
    • a
    • Miejsce wydania (P)
    • Warszawa :
    • b
    • Nazwa wydawcy (P)
    • Wydawnictwo Naukowe PWN,
    • c
    • Data wydania (P)
    • 2009.
300 -Strefa opisu fizycznego [ , ]
    • a
    • Określenie formy książki i/lub objętość (NP)
    • XIV, 217 s. :
    • b
    • Oznaczenie ilustracji (NP)
    • il. ;
    • c
    • Format (NP)
    • 21 cm.
336 -Typ zawartości [ , ]
    • a
    • Termin opisujący typ zawartości
    • Tekst
    • b
    • Kod określający zawartość
    • txt
    • 2
    • Źródło (terminu i kodu)
    • rdacontent
337 -Typ mediów [ , ]
    • a
    • Tryb odtwarzania
    • Bez urządzenia pośredniczącego
    • b
    • Kod typu mediów
    • n
    • 2
    • Źródło (terminu i kodu)
    • rdamedia
338 -Typ/rodzaj nośnika [ , ]
    • a
    • Hasło opisujące typ nośnika
    • Wolumin
    • b
    • Kod typu nośnika
    • nc
    • 2
    • Źródło (terminu i kodu)
    • rdacarrier
500 -Uwaga ogólna [ , ]
    • a
    • Uwaga ogólna (NP)
    • Książka powstała na podstawie cyklicznej audycji radiowej prowadzonej przez J. Bralczyka "Słowo o słowie".
504 -Uwaga dot. bibliogr. załącznikowej [ , ]
    • a
    • Uwaga dot. bibliografii załącznikowej
    • Indeks.
080 -Uniwersalna Klasyfikacja Dziesiętna [ , ]
    • 2
    • Identyfikator wydania tablic
    • UDC-P058
    • 9
    • UKD
    • 18502
    • a
    • Symbol klasyfikacji
    • 811.162.1'271
    • b
    • Dopowiedzenie
    • Język polski. - Poprawność językowa. Błędy językowe.
    • 4
    • UKD2
    • 8168
    • x
    • Poddział wspólny
    • (083.1)
    • c
    • Dopowiedzenie poddz. wspólnego
    • (Przepisy. Instrukcje. Poradniki praktyczne).
650 -Hasło przedmiotowe [ ,7]
    • a
    • Hasło przedmiotowe
    • Język polski
    • x
    • Określnik rzeczowy
    • używanie
    • v
    • Określnik formalny
    • poradniki.
    • 2
    • Źródło terminu
    • kaba
    • 9
    • KHW
    • 357640
650 -Hasło przedmiotowe [ ,7]
    • a
    • Hasło przedmiotowe
    • Język polski
    • x
    • Określnik rzeczowy
    • błędy.
    • 2
    • Źródło terminu
    • kaba
    • 9
    • KHW
    • 113334
980 -Symbol UKD [ , ]
    • a
    • UKD
    • 811.162.1'271(083.1)
700 -Hasło dodatkowe - nazwa osobowa [1, ]
    • a
    • Nazwa osobowa (NP)
    • Drabik, Lidia. Find
    • e
    • Określenie rodzaju współpracy
    • Red.
    • 9
    • KHW
    • 73642
700 -Hasło dodatkowe - nazwa osobowa [1, ]
    • a
    • Nazwa osobowa (NP)
    • Skrobiszewska, Anna. Find
    • e
    • Określenie rodzaju współpracy
    • Red.
    • 9
    • KHW
    • 77188
710 -Hasło dodatkowe - nazwa ciała zbiorowego [2, ]
    • a
    • Nazwa ciała zbiorowego lub nazwa geograficzna jako pierwszy element (NP)
    • Wydawnictwo Naukowe PWN.
    • 4
    • Kod relacji
    • pbl
    • 9
    • KHW
    • 52648
920 -ISBN [ , ]
    • a
    • ISBN
    • 978-83-01-16020-3 Find
Sygnatura Data inwentaryzacji Lokalizacja Status udost. Numer inwentarzowy
POL. Kultura języka polskiego 072014-11-07BM1P.24755